[Event "Ligue elite du dimanche - S10"]
[Site "Montreal CAN"]
[Date "2019.02.17"]
[Round "2"]
[White "Chang, Alexander"]
[Black "Omichi, Haruaki"]
[Result "1-0"]
[WhiteElo "1952"]
[BlackElo "1711"]
[PlyCount "191"]
[EventDate "2019.02.10"]
[EventType "team"]
[EventRounds "5"]
[EventCountry "CAN"]
[WhiteTeam "Kramnik's Immortals"]
[BlackTeam "Rybkaz"]

1. d4 d5 2. Bf4 Nf6 3. e3 e6 4. c3 Bd6 5. Bg3 c5 6. Bd3 b6 7. Nf3 Bb7 8. Nbd2
Nc6 9. O-O O-O 10. Ne5 Ne7 11. Ndf3 Nf5 12. Re1 Be7 13. Qc2 Qc8 14. a3 Nd6 15.
b4 c4 16. Bf1 Nfe4 17. Nd2 Nxd2 18. Qxd2 f6 19. Nf3 Ne4 20. Qc2 b5 21. Nd2 Nxg3
22. hxg3 e5 23. f3 Bd6 24. f4 Qg4 25. Kf2 e4 26. Be2 Qe6 27. Rh1 g5 28. Rh5 Bc6
29. Rah1 Rf7 30. Nf1 Rg7 31. Qd1 Be8 32. Rh6 Bg6 33. Nh2 a5 34. Qc2 axb4 35.
axb4 Rga7 36. Rb1 Kg7 37. Rh3 Qf7 38. Ng4 h5 39. Nh2 g4 40. Rh4 f5 41. Nf1 Be7
42. Rh1 Rh8 43. Qb2 Rha8 44. Nd2 Ra2 45. Qc1 Bf6 46. Rb2 R2a4 47. Bd1 Ra1 48.
Rb1 R1a2 49. Rb2 Ra1 50. Rb1 R1a6 51. Rb2 Qa7 52. Qc2 Rh8 53. Nf1 Ra1 54. Rb1
Ra8 55. Nd2 Ra6 56. Rb2 Rh8 57. Nf1 Ra8 58. Nd2 Qe7 59. Be2 Rh8 60. Nf1 Rha8
61. Nd2 Kf7 62. Qc1 Ke6 63. Qc2 Qh7 64. Nf1 Ra1 65. Bd1 R8a7 66. Qd2 Qh8 67.
Qc2 Qa8 68. Nd2 R7a2 69. Rxa2 Rxa2 70. Qc1 Ra1 71. Nb1 Ra2+ 72. Nd2 Ra1 73. Nb1
Qh8 74. Qb2 Ra7 75. Nd2 h4 76. Nf1 Rh7 77. Kg1 h3 78. Qa2 Be8 79. Qa6+ Kd7 80.
Qxb5+ Kd6 81. Qa6+ Kc7 82. Qa7+ Kd6 83. Qa6+ Kc7 84. gxh3 gxh3 85. Qa5+ Kd6 86.
Kh2 Bh5 87. Qb6+ Ke7 88. Qc7+ Ke6 89. Qc6+ Kf7 90. Qxd5+ Kg6 91. Bxh5+ Rxh5 92.
Rg1 Kh6 93. Qe6 Qg7 94. g4 fxg4 95. Rxg4 Qf8 96. Ng3 1-0

[Event "Ligue elite du dimanche - S10"]
[Site "Montreal CAN"]
[Date "2019.02.17"]
[Round "2"]
[White "Craciun, David"]
[Black "Richard, Leo"]
[Result "1/2-1/2"]
[WhiteElo "1950"]
[BlackElo "2080"]
[PlyCount "87"]
[EventDate "2019.02.10"]
[EventType "team"]
[EventRounds "5"]
[EventCountry "CAN"]
[WhiteTeam "Mannered Monkeys"]
[BlackTeam "Les Veterans"]

1. Nf3 c6 2. c4 Nf6 3. Nc3 d5 4. e3 e6 5. b3 Nbd7 6. Bb2 Bd6 7. Qc2 O-O 8. Be2
Re8 9. Rg1 e5 10. g4 e4 11. Nd4 Ne5 12. g5 Nfd7 13. cxd5 cxd5 14. Nxd5 Nc5 15.
Nf4 Bd7 16. Rc1 Rc8 17. Qb1 Nf3+ 18. Bxf3 Bxf4 19. Be2 Bxg5 20. b4 Na4 21. Ba1
Bf6 22. Rxc8 Qxc8 23. Nb5 Qd8 24. Nd6 Re6 25. Nxe4 Bxa1 26. Qxa1 g6 27. Qd4 Qe7
28. Ng5 Rb6 29. Bc4 Be8 30. a3 a5 31. Bb3 Rd6 32. Qf4 Nb2 33. Qe4 Qxe4 34. Nxe4
Rb6 35. Rg4 axb4 36. axb4 Nd3+ 37. Kd1 Bc6 38. Kc2 Nxb4+ 39. Kc3 Bd5 40. Nc5
Bxb3 41. Rxb4 Rc6 42. Kd4 Rd6+ 43. Kc3 Rc6 44. Kd4 1/2-1/2

[Event "Ligue elite du dimanche - S10"]
[Site "Montreal CAN"]
[Date "2019.02.17"]
[Round "2"]
[White "Duong, Thanh Nha"]
[Black "Rodrigue-Lemieux, Shawn"]
[Result "0-1"]
[WhiteElo "2304"]
[BlackElo "2367"]
[PlyCount "118"]
[EventDate "2019.02.10"]
[EventType "team"]
[EventRounds "5"]
[EventCountry "CAN"]
[WhiteTeam "Les Veterans"]
[BlackTeam "Mannered Monkeys"]

1. c4 Nf6 2. Nf3 e6 3. g3 Be7 4. Bg2 O-O 5. O-O b6 6. Nc3 Bb7 7. b3 d5 8. cxd5
exd5 9. d4 Na6 10. Bb2 c5 11. Rc1 Re8 12. e3 Ne4 13. dxc5 Naxc5 14. b4 Nxc3 15.
Rxc3 Ne4 16. Rb3 Rc8 17. Qa1 Bf6 18. Bxf6 Nxf6 19. Rc1 Ne4 20. Rbb1 Rc4 21. Bf1
b5 22. Qb2 Qc8 23. Nd4 a6 24. f3 Ng5 25. h4 Ne6 26. Bxc4 dxc4 27. e4 Qc7 28.
Nxe6 Rxe6 29. Qf2 g5 30. hxg5 Rg6 31. Kg2 Rxg5 32. Rc3 h5 33. Rh1 a5 34. bxa5
b4 35. Re3 Qxa5 36. Qe2 Qe5 37. Qe1 c3 38. Kh2 Qe6 39. Qb1 Bc8 40. Kg2 Qd6 41.
Qe1 c2 42. e5 Qe6 43. Qd2 Qg6 44. Qf2 h4 45. g4 Qc6 46. Rc1 Bxg4 47. Kh2 Bf5
48. f4 Rg6 49. Re2 Qc3 50. Qe3 Qb2 51. Qd2 Kg7 52. Rxc2 Bxc2 53. Qxc2 Qd4 54.
Rf2 Qe3 55. Rg2 Qxf4+ 56. Kh1 Qf1+ 57. Kh2 Qxg2+ 58. Qxg2 Rxg2+ 59. Kxg2 Kg6
0-1

[Event "Ligue elite du dimanche - S10"]
[Site "Montreal CAN"]
[Date "2019.02.17"]
[Round "2"]
[White "Morin-Pare, Victor"]
[Black "Wu, Tony (Dongze)"]
[Result "0-1"]
[WhiteElo "1923"]
[BlackElo "1919"]
[PlyCount "48"]
[EventDate "2019.02.10"]
[EventType "team"]
[EventRounds "5"]
[EventCountry "CAN"]
[WhiteTeam "Les Veterans"]
[BlackTeam "Mannered Monkeys"]

1. d4 Nf6 2. Bf4 e6 3. Nf3 b6 4. e3 Bb7 5. Nbd2 Be7 6. Bd3 O-O 7. c3 d6 8. Qe2
Nbd7 9. Rd1 Nh5 10. Bg3 g6 11. e4 c5 12. e5 Nxg3 13. hxg3 cxd4 14. cxd4 dxe5
15. dxe5 Bc5 16. Be4 Qc7 17. Bxb7 Qxb7 18. Ne4 Rfd8 19. Rxd7 Rxd7 20. Nf6+ Kf8
21. Nxd7+ Qxd7 22. Rxh7 Kg8 23. Ng5 Rc8 24. Kf1 Be7 0-1

[Event "Ligue elite du dimanche - S10"]
[Site "Montreal CAN"]
[Date "2019.02.17"]
[Round "2"]
[White "Tanaka, Tyler"]
[Black "Saine, Zachary"]
[Result "1-0"]
[WhiteElo "2274"]
[BlackElo "2049"]
[PlyCount "59"]
[EventDate "2019.02.10"]
[EventType "team"]
[EventRounds "5"]
[EventCountry "CAN"]
[WhiteTeam "Rybkaz"]
[BlackTeam "Kramnik's Immortals"]

1. e4 e5 2. Nf3 Nc6 3. Bb5 f5 4. Nc3 fxe4 5. Nxe4 Nf6 6. Nxf6+ gxf6 7. d4 Bg7
8. dxe5 fxe5 9. Ng5 Qf6 10. O-O Nd8 11. Bd3 d5 12. Nxh7 Rxh7 13. Bxh7 Be6 14.
Qf3 Qe7 15. Bg6+ Nf7 16. Bxf7+ Bxf7 17. c3 Be6 18. Qe3 a6 19. f4 e4 20. f5 Bf7
21. Qg3 Bf6 22. Be3 O-O-O 23. Bd4 Bh4 24. f6 Qd6 25. Qxh4 c5 26. Be3 d4 27.
cxd4 cxd4 28. Rac1+ Kd7 29. Bf4 Qd5 30. Rc7+ 1-0

[Event "Ligue elite du dimanche - S10"]
[Site "Montreal CAN"]
[Date "2019.02.17"]
[Round "2"]
[White "Tomb, Maroun"]
[Black "Soudre, Nicolas"]
[Result "0-1"]
[WhiteElo "2254"]
[BlackElo "2190"]
[PlyCount "126"]
[EventDate "2019.02.10"]
[EventType "team"]
[EventRounds "5"]
[EventCountry "CAN"]
[WhiteTeam "Food Masters"]
[BlackTeam "Puzzle Rushers"]

1. e4 e6 2. d4 d5 3. Nd2 Nf6 4. e5 Nfd7 5. c3 c5 6. Ngf3 Nc6 7. Bd3 Qb6 8. O-O
cxd4 9. cxd4 Nxd4 10. Nxd4 Qxd4 11. Nf3 Qb6 12. Qa4 Qb4 13. Qc2 Nc5 14. Bd2 Qa4
15. b3 Qd7 16. Be2 Be7 17. Be3 Na6 18. a3 Nb8 19. Rac1 Nc6 20. b4 a6 21. Bd3 h6
22. h4 Qd8 23. Rfe1 Bd7 24. Qd2 Rc8 25. Bb1 b5 26. Bc5 Bxc5 27. Rxc5 Ne7 28.
Rxc8 Nxc8 29. h5 Nb6 30. Qf4 Nc4 31. Bd3 Qe7 32. Qg4 O-O 33. Qd4 Nxa3 34. Ra1
Nc4 35. Rxa6 Qxb4 36. Ra7 Rd8 37. Bc2 Kf8 38. Qd3 Nxe5 39. Nxe5 Qe1+ 40. Qf1
Qxe5 41. Bd3 b4 42. Rb7 Qd6 43. Qa1 Rb8 44. Ra7 b3 45. Bb1 b2 46. Qa5 d4 47.
Ra6 Qd5 48. Qa3+ Kg8 49. Rd6 Qc4 50. Kh2 Be8 51. Qa7 Rc8 52. Rxd4 Qc5 53. Qxc5
Rxc5 54. Rb4 Rxh5+ 55. Kg3 Rb5 56. Rxb5 Bxb5 57. Kf4 f6 58. Ke3 Kf7 59. Kd2 Bc6
60. f3 g5 61. Kc3 h5 62. Kxb2 f5 63. Kc3 g4 0-1

[Event "Ligue elite du dimanche - S10"]
[Site "Montreal CAN"]
[Date "2019.02.17"]
[Round "2"]
[White "Tsukerman, Julia"]
[Black "Latorre, Vincent"]
[Result "0-1"]
[WhiteElo "1820"]
[BlackElo "1795"]
[PlyCount "66"]
[EventDate "2019.02.10"]
[EventType "team"]
[EventRounds "5"]
[EventCountry "CAN"]
[WhiteTeam "Food Masters"]
[BlackTeam "Puzzle Rushers"]

1. e4 e5 2. Nf3 Nc6 3. Bb5 a6 4. Ba4 Nf6 5. d3 d6 6. c3 Be7 7. O-O O-O 8. h3 b5
9. Bb3 Na5 10. Bc2 c5 11. Nbd2 Bb7 12. Re1 Nc6 13. Nf1 Qc7 14. Ne3 Rad8 15. Nf5
Rfe8 16. Nxe7+ Nxe7 17. Bg5 Ng6 18. c4 h6 19. Bxf6 gxf6 20. Nh2 Bc8 21. Qh5 Kh7
22. Ng4 Bxg4 23. Qxg4 Rg8 24. Qf5 Qe7 25. cxb5 axb5 26. Bb3 Kh8 27. g3 Nf4 28.
Rad1 Rg5 29. Qxg5 Nxh3+ 30. Kg2 Nxg5 31. Rh1 Kg7 32. Rdg1 Rc8 33. f4 Ne6 0-1

[Event "Ligue elite du dimanche - S10"]
[Site "Montreal CAN"]
[Date "2019.02.17"]
[Round "2"]
[White "Zhong, Kevin"]
[Black "Li, Yi Lin"]
[Result "1-0"]
[WhiteElo "2169"]
[BlackElo "2122"]
[PlyCount "63"]
[EventDate "2019.02.10"]
[EventType "team"]
[EventRounds "5"]
[EventCountry "CAN"]
[WhiteTeam "Puzzle Rushers"]
[BlackTeam "Food Masters"]

1. e4 c5 2. Ne2 Nc6 3. Nbc3 e5 4. Nd5 Nf6 5. Nec3 d6 6. Bc4 Be6 7. d3 h6 8. O-O
g5 9. Qf3 Bg7 10. Nxf6+ Qxf6 11. Qxf6 Bxf6 12. Nd5 Bd8 13. c3 Kd7 14. Ne3 a6
15. a4 Rb8 16. Bd2 Ne7 17. b4 f5 18. exf5 Nxf5 19. Nxf5 Bxf5 20. bxc5 dxc5 21.
Be3 b5 22. axb5 axb5 23. Rfb1 bxc4 24. Rxb8 cxd3 25. Bxc5 Kc7 26. Rba8 Be4 27.
R8a7+ Kc6 28. Be3 Bd5 29. R1a6+ Kb5 30. Rd6 Kc4 31. Rad7 e4 32. Rxd8 1-0

[Event "Ligue elite du dimanche - S10"]
[Site "Montreal CAN"]
[Date "2019.02.24"]
[Round "3"]
[White "Craciun, David"]
[Black "Chang, Alexander"]
[Result "1-0"]
[WhiteElo "1950"]
[BlackElo "1952"]
[PlyCount "85"]
[EventDate "2019.02.10"]
[EventType "team"]
[EventRounds "5"]
[EventCountry "CAN"]
[WhiteTeam "Mannered Monkeys"]
[BlackTeam "Kramnik's Immortals"]

1. c4 Nf6 2. Nc3 c5 3. e3 e6 4. b3 Nc6 5. Bb2 Be7 6. Nf3 O-O 7. Be2 b6 8. Rc1
Bb7 9. Qc2 d5 10. O-O d4 11. exd4 cxd4 12. Nb5 e5 13. Qf5 a6 14. Na3 e4 15. Ng5
Nb4 16. f3 g6 17. Qh3 exf3 18. Bxf3 Bxf3 19. Rxf3 h5 20. Nc2 Nxc2 21. Rxc2 Ng4
22. Ne4 f5 23. Nf2 Bc5 24. Nd3 Re8 25. Rf1 a5 26. Qf3 Qd6 27. Qf4 Qxf4 28. Rxf4
Re4 29. Rc1 Bd6 30. Rxe4 fxe4 31. h3 exd3 32. hxg4 hxg4 33. Bxd4 Bc5 34. Bxc5
bxc5 35. Rc3 Rd8 36. Kf2 Kf7 37. Ke3 Ke6 38. Rxd3 Rxd3+ 39. Kxd3 Ke5 40. Ke3 g3
41. d3 g5 42. a3 g4 43. a4 1-0

[Event "Ligue elite du dimanche - S10"]
[Site "Montreal CAN"]
[Date "2019.02.24"]
[Round "3"]
[White "Huang, Qiuyu"]
[Black "Tomb, Maroun"]
[Result "1/2-1/2"]
[WhiteElo "2265"]
[BlackElo "2254"]
[PlyCount "74"]
[EventDate "2019.02.10"]
[EventType "team"]
[EventRounds "5"]
[EventCountry "CAN"]
[WhiteTeam "Rybkaz"]
[BlackTeam "Food Masters"]

1. e4 c5 2. Nf3 e6 3. d4 cxd4 4. Nxd4 a6 5. Bd3 b5 6. a4 b4 7. O-O Qb6 8. Nb3
Qc7 9. Be3 Nf6 10. N1d2 d5 11. a5 Nbd7 12. f3 Bd6 13. g3 h5 14. Kg2 h4 15. Bf2
Bb7 16. Qe1 Ne5 17. Bb6 Qe7 18. Bd4 Nh5 19. f4 Nxd3 20. cxd3 dxe4 21. dxe4 Rc8
22. Rc1 Rxc1 23. Nxc1 hxg3 24. hxg3 Bxf4 25. gxf4 Nxf4+ 26. Rxf4 e5 27. Bxe5
Qxe5 28. Nd3 Qxa5 29. Nf3 Rh6 30. Qxb4 Qxb4 31. Nxb4 Rb6 32. e5 a5 33. Nd3 Rb3
34. Rd4 a4 35. Kg3 a3 36. bxa3 Rxa3 37. Nfe1 f6 1/2-1/2

[Event "Ligue elite du dimanche - S10"]
[Site "Montreal CAN"]
[Date "2019.02.24"]
[Round "3"]
[White "Latorre, Vincent"]
[Black "Morin-Pare, Victor"]
[Result "1/2-1/2"]
[WhiteElo "1795"]
[BlackElo "1923"]
[PlyCount "107"]
[EventDate "2019.02.10"]
[EventType "team"]
[EventRounds "5"]
[EventCountry "CAN"]
[WhiteTeam "Puzzle Rushers"]
[BlackTeam "Les Veterans"]

1. e4 d6 2. d4 Nf6 3. Nc3 g6 4. f4 Bg7 5. Nf3 c5 6. Bb5+ Bd7 7. e5 Ng4 8. Bxd7+
Qxd7 9. h3 cxd4 10. Ne4 Qc6 11. Qe2 Ne3 12. Bxe3 dxe3 13. Nc3 dxe5 14. fxe5 Qc5
15. Qb5+ Qxb5 16. Nxb5 Na6 17. O-O-O O-O 18. Rd7 Nc5 19. Rxe7 Rfe8 20. Rxe8+
Rxe8 21. Nd6 Re7 22. Re1 Bxe5 23. Nxe5 Rxe5 24. Nc4 Re4 25. Nxe3 f5 26. Kd2 Kf7
27. b3 b5 28. Rd1 Rd4+ 29. Kc3 Re4 30. Kd2 a5 31. c4 f4 32. Nc2 bxc4 33. bxc4
Rxc4 34. Rf1 Ke6 35. Rb1 Nd7 36. Rb7 h5 37. Ra7 Ra4 38. Ra6+ Kf5 39. a3 Ne5 40.
Ra8 Nc4+ 41. Kd3 Nxa3 42. Nd4+ Kf6 43. Rf8+ Ke5 44. Re8+ Kd5 45. Rd8+ Ke5 46.
Re8+ Kd5 47. Rd8+ Ke5 48. Re8+ Kf6 49. Rf8+ Ke5 50. Re8+ Kf6 51. Rf8+ Ke5 52.
Re8+ Kf6 53. Rf8+ Ke5 54. Re8+ 1/2-1/2

[Event "Ligue elite du dimanche - S10"]
[Site "Montreal CAN"]
[Date "2019.02.24"]
[Round "3"]
[White "Li, Yi Lin"]
[Black "Tanaka, Tyler"]
[Result "1/2-1/2"]
[WhiteElo "2122"]
[BlackElo "2274"]
[PlyCount "125"]
[EventDate "2019.02.10"]
[EventType "team"]
[EventRounds "5"]
[EventCountry "CAN"]
[WhiteTeam "Food Masters"]
[BlackTeam "Rybkaz"]

1. e4 c5 2. Nf3 d6 3. d4 cxd4 4. Nxd4 Nf6 5. Nc3 g6 6. Be2 Bg7 7. Be3 O-O 8.
Qd2 Nc6 9. Nb3 Be6 10. Bh6 a5 11. Bxg7 Kxg7 12. O-O a4 13. Nd4 Nxd4 14. Qxd4 a3
15. b3 Qc7 16. Rac1 Rfc8 17. Na4 Rab8 18. Nb6 Qc5 19. Qxc5 Rxc5 20. Bf3 Rc6 21.
Nd5 Bxd5 22. exd5 Rc3 23. Rfd1 Rbc8 24. Rd2 Nd7 25. Be2 R8c5 26. Kf1 Nb6 27.
Bf3 Na8 28. Ke1 Nc7 29. Kd1 Na6 30. Rd4 Nc7 31. Kd2 Kf6 32. Rb4 b5 33. Rf4+ Kg7
34. Rd4 Kf6 35. Rb4 Na6 36. Rf4+ Kg7 37. Be2 g5 38. Re4 f5 39. Rxe7+ Kf8 40.
Ra7 Nb4 41. Ra8+ Kg7 42. Rxa3 Rxc2+ 43. Rxc2 Rxc2+ 44. Kd1 Rxa2 45. Rxa2 Nxa2
46. Kd2 b4 47. Ke3 Nc3 48. Bc4 Nd1+ 49. Ke2 Nc3+ 50. Kd3 Kf6 51. Kd4 Na2 52.
Bd3 h5 53. Be2 h4 54. g3 hxg3 55. hxg3 Nc1 56. Bd1 g4 57. Bc2 Na2 58. Bb1 Nc3
59. Bd3 Na2 60. Bb1 Nc3 61. Bc2 Na2 62. Bd3 Nc3 63. Bc2 1/2-1/2

[Event "Ligue elite du dimanche - S10"]
[Site "Montreal CAN"]
[Date "2019.02.24"]
[Round "3"]
[White "Omichi, Haruaki"]
[Black "Tsukerman, Julia"]
[Result "1/2-1/2"]
[WhiteElo "1711"]
[BlackElo "1820"]
[PlyCount "69"]
[EventDate "2019.02.10"]
[EventType "team"]
[EventRounds "5"]
[EventCountry "CAN"]
[WhiteTeam "Rybkaz"]
[BlackTeam "Food Masters"]

1. e4 c5 2. Ne2 d5 3. exd5 Qxd5 4. Nbc3 Qd8 5. d4 e6 6. Be3 cxd4 7. Nxd4 Nf6 8.
Bb5+ Bd7 9. Bxd7+ Qxd7 10. Qe2 Nc6 11. O-O-O Nxd4 12. Rxd4 Qc6 13. f3 Bc5 14.
Rd3 O-O 15. Bxc5 Qxc5 16. Rhd1 Rac8 17. f4 b5 18. Rd4 b4 19. Ne4 Nxe4 20. Qxe4
a5 21. R1d2 Qc6 22. Qxc6 Rxc6 23. Rd7 g6 24. g4 Rc4 25. R2d4 Rfc8 26. Rd8+ Kg7
27. Rxc8 Rxd4 28. Rc5 Rxf4 29. h3 f5 30. g5 Rh4 31. Rxa5 Rxh3 32. Ra7+ Kf8 33.
Rb7 Rg3 34. Rxb4 Rxg5 35. Rb8+ 1/2-1/2

[Event "Ligue elite du dimanche - S10"]
[Site "Montreal CAN"]
[Date "2019.02.24"]
[Round "3"]
[White "Richard, Leo"]
[Black "Zhong, Kevin"]
[Result "1-0"]
[WhiteElo "2080"]
[BlackElo "2169"]
[PlyCount "103"]
[EventDate "2019.02.10"]
[EventType "team"]
[EventRounds "5"]
[EventCountry "CAN"]
[WhiteTeam "Les Veterans"]
[BlackTeam "Puzzle Rushers"]

1. d4 d5 2. c4 e6 3. Nc3 Nf6 4. Nf3 Be7 5. Bg5 O-O 6. e3 h6 7. Bf4 c5 8. cxd5
Nxd5 9. Nxd5 exd5 10. Bd3 c4 11. Bb1 Bb4+ 12. Nd2 Qa5 13. a3 c3 14. axb4 cxd2+
15. Ke2 Qxb4 16. Qxd2 Qxd2+ 17. Kxd2 Nc6 18. Rc1 Be6 19. Bd6 Rfc8 20. b4 Rd8
21. Bc5 a6 22. Bd3 Rdc8 23. b5 axb5 24. Rxa8 Rxa8 25. Bxb5 Na5 26. Rb1 Bf5 27.
Rb2 Nc4+ 28. Bxc4 dxc4 29. Kc3 Bd3 30. Rxb7 Ra1 31. d5 Rc1+ 32. Kd4 Bf5 33. e4
c3 34. exf5 c2 35. Rb8+ Kh7 36. Ba3 Rd1+ 37. Ke5 Re1+ 38. Kd6 Ra1 39. Rc8 Rxa3
40. Rxc2 g6 41. f6 g5 42. Rc7 Kg6 43. Ke7 Ra2 44. d6 Rxf2 45. d7 Re2+ 46. Kd8
Rxg2 47. Kc8 Rd2 48. d8=Q Rxd8+ 49. Kxd8 Kxf6 50. Rc6+ Kf5 51. Rxh6 Kg4 52. Rf6
1-0

[Event "Ligue elite du dimanche - S10"]
[Site "Montreal CAN"]
[Date "2019.02.24"]
[Round "3"]
[White "Saine, Zachary"]
[Black "Wu, Tony (Dongze)"]
[Result "1/2-1/2"]
[WhiteElo "2049"]
[BlackElo "1919"]
[PlyCount "94"]
[EventDate "2019.02.10"]
[EventType "team"]
[EventRounds "5"]
[EventCountry "CAN"]
[WhiteTeam "Kramnik's Immortals"]
[BlackTeam "Mannered Monkeys"]

1. e4 c5 2. Nf3 d6 3. d4 cxd4 4. Nxd4 Nf6 5. Nc3 g6 6. Be3 Nc6 7. f3 Bg7 8. Bc4
O-O 9. Qd2 Bd7 10. O-O-O Na5 11. Bb3 Rb8 12. Kb1 b5 13. Bh6 Bxh6 14. Qxh6 e5
15. Nde2 Nxb3 16. cxb3 b4 17. Nd5 Nxd5 18. Rxd5 Be6 19. Rd2 Rb6 20. h4 Ra6 21.
h5 g5 22. f4 gxf4 23. g3 f3 24. Nf4 Qe7 25. Nxe6 fxe6 26. Rf2 Rf6 27. Qe3 Qf7
28. g4 Rf4 29. Rhf1 Qb7 30. Rxf3 Qxe4+ 31. Qxe4 Rxe4 32. Rf8+ Kg7 33. R1f7+ Kh6
34. Rg8 Rf4 35. g5+ Kxh5 36. Rxh7+ Kg4 37. g6 Rc6 38. Rh1 Rc7 39. g7 Kf3 40.
Rg1 Ke3 41. Re8 Rxg7 42. Rxg7 Rf1+ 43. Kc2 Rf2+ 44. Kd1 Rf1+ 45. Kc2 Rf2+ 46.
Kd1 Rf1+ 47. Kc2 Rf2+ 1/2-1/2

[Event "Ligue elite du dimanche - S10"]
[Site "Montreal CAN"]
[Date "2019.02.24"]
[Round "3"]
[White "Soudre, Nicolas"]
[Black "Duong, Thanh Nha"]
[Result "1-0"]
[WhiteElo "2190"]
[BlackElo "2304"]
[PlyCount "83"]
[EventDate "2019.02.10"]
[EventType "team"]
[EventRounds "5"]
[EventCountry "CAN"]
[WhiteTeam "Puzzle Rushers"]
[BlackTeam "Les Veterans"]

1. e4 c5 2. Nf3 d6 3. d4 cxd4 4. Nxd4 Nf6 5. Nc3 Nc6 6. g3 e6 7. Bg2 Bd7 8. O-O
Be7 9. Nb3 O-O 10. a4 Nb4 11. Be3 Qb8 12. f4 Re8 13. g4 Bc6 14. g5 Nd7 15. Nd4
Bf8 16. h4 Nb6 17. Qe2 Bd7 18. a5 Nc8 19. Qf2 Ne7 20. f5 exf5 21. exf5 Nec6 22.
g6 f6 23. gxh7+ Kh8 24. Nd5 Nxd5 25. Bxd5 Re5 26. c4 Nxd4 27. Bxd4 Rxf5 28. Qg2
Qe8 29. a6 Rxd5 30. cxd5 bxa6 31. Rxf6 Bh3 32. Rxf8+ Qxf8 33. Qxh3 Qf4 34. Bc3
Re8 35. Rf1 Qe4 36. Qg2 Qe3+ 37. Kh2 Qh6 38. Qg3 Re4 39. Kh3 Re3 40. Rf3 Re7
41. Rf8+ Kxh7 42. Qd3+ 1-0

[Event "Ligue elite du dimanche - S10"]
[Site "Montreal CAN"]
[Date "2019.03.24"]
[Round "4"]
[White "Latorre, Vincent"]
[Black "Omichi, Haruaki"]
[Result "1-0"]
[WhiteElo "1795"]
[BlackElo "1711"]
[PlyCount "89"]
[EventDate "2019.02.10"]
[EventType "team"]
[EventRounds "5"]
[EventCountry "CAN"]
[WhiteTeam "Puzzle Rushers"]
[BlackTeam "Rybkaz"]

1. e4 c5 2. Nf3 Nc6 3. d4 cxd4 4. Nxd4 g6 5. Nc3 Bg7 6. Be3 Nf6 7. Bc4 d6 8. f3
O-O 9. Qd2 Bd7 10. O-O-O Rc8 11. Bb3 Nxd4 12. Bxd4 b5 13. Qe2 b4 14. Nd5 Nxd5
15. Bxd5 a5 16. e5 e6 17. Bb7 Rb8 18. Ba6 Qg5+ 19. Kb1 dxe5 20. Bc5 Bc6 21.
Bxf8 Bxf8 22. h4 Qf4 23. Bd3 a4 24. Qd2 Qf6 25. Qg5 Qg7 26. h5 f6 27. Qe3 g5
28. Bc4 Qf7 29. Rd2 Bd5 30. Qe2 Bc5 31. Rhd1 Rd8 32. Bxd5 exd5 33. Qb5 Bd4 34.
Qxa4 Rb8 35. Qb3 Qb7 36. Rxd4 exd4 37. Rxd4 Rd8 38. Qxb4 Qa6 39. Qe1 Qb6 40.
Rd3 Rb8 41. Rb3 Qc7 42. Qe6+ Kg7 43. Rxb8 Qxb8 44. Qe7+ Kg8 45. h6 1-0

[Event "Ligue elite du dimanche - S10"]
[Site "Montreal CAN"]
[Date "2019.03.24"]
[Round "4"]
[White "Morin-Pare, Victor"]
[Black "Chang, Alexander"]
[Result "1/2-1/2"]
[WhiteElo "1923"]
[BlackElo "1952"]
[PlyCount "110"]
[EventDate "2019.02.10"]
[EventType "team"]
[EventRounds "5"]
[EventCountry "CAN"]
[WhiteTeam "Les Veterans"]
[BlackTeam "Kramnik's Immortals"]

1. d4 d5 2. Nc3 Nf6 3. Bf4 e6 4. e3 Bd6 5. Bd3 O-O 6. Qf3 Bxf4 7. exf4 Nc6 8.
Nge2 Nb4 9. O-O-O Nxd3+ 10. Qxd3 a6 11. f3 b5 12. g4 Bd7 13. g5 Ne8 14. h4 b4
15. Nb1 Bb5 16. Qe3 Nd6 17. Ng3 Nf5 18. Nxf5 exf5 19. Rhe1 Re8 20. Qb3 Be2 21.
Qxb4 Bxd1 22. Kxd1 Rxe1+ 23. Qxe1 Qd6 24. Qe5 Qxe5 25. fxe5 f6 26. Nc3 fxg5 27.
hxg5 c6 28. Ne2 Kf7 29. Nf4 g6 30. Kd2 Rh8 31. Kc3 h6 32. gxh6 Rxh6 33. Kb4 g5
34. Nd3 Rh3 35. Kc5 Rxf3 36. Kxc6 Rxd3 37. cxd3 f4 38. Kd7 f3 39. e6+ Kg7 40.
e7 f2 41. e8=Q f1=Q 42. Qe5+ Qf6 43. Qxd5 g4 44. Qe5 Kg6 45. Qb8 Qxd4+ 46. Ke6
Qf6+ 47. Kd5 Qf7+ 48. Kc5 Qxa2 49. d4 Qa5+ 50. Kc6 Qb5+ 51. Qxb5 axb5 52. d5 g3
53. d6 g2 54. d7 g1=Q 55. d8=Q Qc1+ 1/2-1/2

[Event "Ligue elite du dimanche - S10"]
[Site "Montreal CAN"]
[Date "2019.03.24"]
[Round "4"]
[White "Saine, Zachary"]
[Black "Richard, Leo"]
[Result "1/2-1/2"]
[WhiteElo "2049"]
[BlackElo "2080"]
[PlyCount "97"]
[EventDate "2019.02.10"]
[EventType "team"]
[EventRounds "5"]
[EventCountry "CAN"]
[WhiteTeam "Kramnik's Immortals"]
[BlackTeam "Les Veterans"]

1. e4 e5 2. Nf3 Nc6 3. Bc4 Bc5 4. c3 Nf6 5. d4 exd4 6. cxd4 Bb4+ 7. Bd2 Bxd2+
8. Nbxd2 d5 9. exd5 Nxd5 10. Qb3 Na5 11. Qa4+ Nc6 12. Qb3 Na5 13. Qa4+ Nc6 14.
O-O O-O 15. Bd3 Nb6 16. Qc2 g6 17. Qc3 Na4 18. Qa3 Nxd4 19. Bxg6 Nxf3+ 20. Nxf3
fxg6 21. Qxa4 Rxf3 22. gxf3 Bh3 23. Qc4+ Kh8 24. Qc3+ Kg8 25. Qc4+ Kh8 26. Qc3+
Kg8 27. Qe5 Bxf1 28. Qe6+ Kg7 29. Qe5+ Kg8 30. Qe6+ Kg7 31. Qe5+ Kg8 32. Rxf1
Qd6 33. Qxd6 cxd6 34. Rc1 Rf8 35. Rc7 Rf7 36. Rc8+ Rf8 37. Rc7 Rf7 38. Rc8+ Kg7
39. Rd8 Rxf3 40. Rxd6 Rf7 41. Kf1 Rc7 42. Ke1 Kf7 43. Rd8 Kf6 44. Kd2 Rf7 45.
Ke3 Kg5 46. Rd4 Rc7 47. Kf3 Kf5 48. Rd5+ Ke6 49. Rd3 1/2-1/2

[Event "Ligue elite du dimanche - S10"]
[Site "Montreal CAN"]
[Date "2019.03.24"]
[Round "4"]
[White "Soudre, Nicolas"]
[Black "Huang, Qiuyu"]
[Result "1/2-1/2"]
[WhiteElo "2190"]
[BlackElo "2265"]
[PlyCount "84"]
[EventDate "2019.02.10"]
[EventType "team"]
[EventRounds "5"]
[EventCountry "CAN"]
[WhiteTeam "Puzzle Rushers"]
[BlackTeam "Rybkaz"]

1. e4 c5 2. Nf3 Nc6 3. d4 cxd4 4. Nxd4 e5 5. Nb5 d6 6. c4 Be7 7. N5c3 Be6 8.
Nd5 Bxd5 9. exd5 Nb8 10. Bd3 Bg5 11. Nc3 Bxc1 12. Rxc1 Ne7 13. Ne4 O-O 14. O-O
Ng6 15. Qh5 h6 16. Qf5 Na6 17. g3 Re8 18. h4 Qb6 19. h5 Nf8 20. b4 Nxb4 21. Rb1
Qa5 22. Nxd6 Re7 23. Be4 Rd8 24. Nb5 a6 25. Nc3 Qc5 26. Rfc1 Qxc4 27. a3 Na2
28. Bd3 Qxc3 29. Rxc3 Nxc3 30. Rc1 Nxd5 31. Rc8 Rxc8 32. Qxc8 e4 33. Bc4 Rc7
34. Qd8 Rxc4 35. Qxd5 b5 36. Kg2 Ra4 37. Qd6 Ne6 38. Qe7 Ng5 39. Qe8+ Kh7 40.
Qe7 Kg8 41. Qe8+ Kh7 42. Qe7 Kg8 1/2-1/2